Galaxies and cosmology
Saved in:
| Main Author: | |
|---|---|
| Other Authors: | |
| Format: | Book |
| Language: | English |
| Published: |
Heidelberg ; New York :
Springer,
c1995
|
| Series: | Astronomy and astrophysics library
|
| Subjects: | |
| Tags: |
Add Tag
No Tags, Be the first to tag this record!
|
MARC
| LEADER | 00000nam a2200000 i 4500 | ||
|---|---|---|---|
| 001 | 1/8283 | ||
| 008 | 000627s1995 eng d | ||
| 020 | |a 3-540-58933-3 | ||
| 035 | |l 10062615 | ||
| 040 | |a GR-MY-UA |b gre |e aacr | ||
| 041 | 0 | |a eng | |
| 082 | 0 | |a 523.11 |2 (20) | |
| 100 | 1 | |a Combes, F. | |
| 245 | 1 | 0 | |a Galaxies and cosmology / |c F. Combes... [et al.] ; M. Seymour |
| 260 | |a Heidelberg ; New York : |b Springer, |c c1995 | ||
| 300 | |a xvi, 407 p.; |b ill.; |c 25 cm. | ||
| 490 | 1 | |a Astronomy and astrophysics library | |
| 504 | |a Includes bibliographical references and index | ||
| 650 | 0 | 0 | |a Galaxies. |
| 650 | 0 | 0 | |a Cosmology. |
| 650 | 0 | 0 | |a Astrophysics. |
| 700 | 1 | |a Seymour, M. |4 trl | |
| 830 | 0 | |a Astronomy and astrophysics library | |
| 852 | |a INST |b SAMOS |e 20000627 |h 523.11 GAL |p 005300019371 |q 005300019371 |t BK |y 0 | ||
| 901 | |a BIBL3-2000-2 | ||
| 909 | |a Σ |b 078732 | ||
| 922 | |a 3ΕΛΗ |b 200005 |c ΚΠΣ |d ΠΑΠΑΣΩΤΗΡΙΟΥ | ||
| 950 | |a 116-1999-12-31 | ||
| 970 | |a ΜΑΛΑΓΑΡΗ |b ΦΩΤΕΙΝΗ |z 2000/07/21 | ||